000 00739nam a2200253Ia 4500
003 OSt
005 20220925220717.0
006 a|||||r|||| 00| 0
007 ta
008 220923b |||||||| |||| 00| 0 eng d
020 _a0333617584
037 _cGeneral Book
040 _aRTL
_cRTL
_beng
041 _2eng
_aeng
082 _aY53, N5
100 _aVidich Arthur J Ed.
_9285218
245 0 _aNew middle classes
_b Life styles, status claims and political orientations
260 _aLondon
_bMacmillan
_c1985
300 _axi, 405p
_ccm.
490 _aMain Trends of the Modern World
650 _aMiddle Class
_9236021
942 _hY53, N5
_cGB
_2CC
999 _c572166
_d572166